Nonlinear phenomena and chaos
Αποθηκεύτηκε σε:
| Συγγραφή απο Οργανισμό/Αρχή: | |
|---|---|
| Άλλοι συγγραφείς: | |
| Μορφή: | Πρακτικό Συνεδρίου Βιβλίο |
| Γλώσσα: | English |
| Δημοσίευση: |
Bristol ; Boston :
Hilger,
c1986.
|
| Σειρά: | Malvern physics series
|
| Θέματα: | |
| Ετικέτες: |
Προσθήκη ετικέτας
Δεν υπάρχουν, Καταχωρήστε ετικέτα πρώτοι!
|
MARC
| LEADER | 00000cam a2200000 i 4500 | ||
|---|---|---|---|
| 001 | 1/54617 | ||
| 008 | 941103s1986 enk ||| | eng|| | ||
| 020 | |a 0852744943 | ||
| 035 | |l 10045047 | ||
| 035 | |a 1988 | ||
| 040 | |a GR-MyUA |b gre |e AACR2 | ||
| 041 | 0 | |a eng | |
| 082 | 0 | |a 530.155 | |
| 245 | 0 | 0 | |a Nonlinear phenomena and chaos / |c edited by Sarben Sarkar. |
| 260 | |a Bristol ; |a Boston : |b Hilger, |c c1986. | ||
| 300 | |a xi, 336 σ. : |b εικ. ; |c 24 εκ. | ||
| 490 | 1 | |a (Malvern physics series) | |
| 500 | |a Papers from the Malvern Seminar on Dynamical Systems held at RSRE, Malvern, on April 23-25, 1985. | ||
| 504 | |a Περιέχει βιβλιογραφικές παραπομπές και ευρετήριο. | ||
| 650 | 0 | 0 | |a Nonlinear theories. |
| 650 | 0 | 0 | |a Chaotic behavior in systems. |
| 650 | 0 | 0 | |a Mathematical physics. |
| 700 | 1 | |a Sarkar, Sarben, |e edt | |
| 711 | 2 | |a Malvern Seminar on Dynamical Systems |d (1985) | |
| 830 | 0 | |a Malvern physics series | |
| 852 | |a INST |b SAMOS |e 19941103 |h 530.155 NON |p 005300000833 |q 005300000833 |t BK |y 0 | ||
| 909 | |a Σ |b 012283 | ||